| Tag |
First Indicator |
Second Indicator |
Subfields |
| LEADER |
00000cam a2200000 4500 |
| 001 |
in00000052671 |
| 005 |
20151007072205.0 |
| 008 |
800605s1954 enkac 00010 eng d |
| 035 |
|
|
|a (OCoLC)06390397
|
| 035 |
|
|
|9 AAE7404AM
|
| 040 |
|
|
|a TXA
|c TXA
|d UtOrBLW
|
| 049 |
|
|
|a TXAM
|c [247089]
|
| 090 |
|
|
|a QD253
|b .H65 1954
|
| 092 |
|
|
|a 547
|b H753o3
|
| 100 |
1 |
|
|a Holmyard, Eric John,
|d 1891-1959.
|
| 245 |
1 |
0 |
|a Outlines of organic chemistry /
|c by E. J. Holmyard ...
|
| 250 |
|
|
|a 3d ed.
|
| 264 |
|
1 |
|a London :
|b E. Arnold,
|c [1954]
|
| 300 |
|
|
|a vii, 492 pages including frontispiece, illustrations, ports. ;
|c 19 cm.
|
| 336 |
|
|
|a text
|b txt
|2 rdacontent
|
| 337 |
|
|
|a unmediated
|b n
|2 rdamedia
|
| 338 |
|
|
|a volume
|b nc
|2 rdacarrier
|
| 650 |
|
0 |
|a Chemistry, Organic.
|
| 999 |
|
|
|a MARS
|
| 999 |
f |
f |
|s a879b00e-45a0-30a5-9db8-3f4dc8ec42df
|i 920b1e2d-5a43-3197-a0f1-18728912227d
|t 0
|
| 952 |
f |
f |
|p ric
|a Texas A&M University
|b Rellis Campus
|c Joint Library Facility
|d Remote Storage
|t 0
|e QD253 .H65 1954
|h Library of Congress classification
|i unmediated -- volume
|m A14800943043
|
| 998 |
f |
f |
|a QD253 .H65 1954
|t 0
|l Remote Storage
|